Les 10 mots les moins usités de la langue française - Statistiques

Statistiques générales
  • Ce quiz a été pris 19 fois
  • Le résultat moyen est 2 sur 10
Statistiques - réponses
Definition Mot Originaire de % Correct
Serpillère Wassingue France
50%
Révêler la fin d'une série ou d'un film Divulgâcher Canada
38%
Averse Drache France
31%
Os court du pied en forme de poulie. Astragale France
13%
Conversation puérile Babillage France
13%
Dégager une forte odeur de pieds Camembérer Sénégal
6%
Tergiverser inutilement Tatouiner France
6%
Offrir un présent Cadonner Tchad et Congo
0%
Se prélasser Royaumer Suisse
0%
Décapsuleur Ziboulateur Congo - Rwanda et Burundi
0%
Aucun quiz correspondant
Distribution des résultats
% des personnes avec chaque résultat
Percentile par nombre de réponses
Votre historique - résultats
Vous n’avez pas pris ce quiz